Cloudiest Countries - Statistics

General Stats
  • This quiz has been taken 35,104 times
  • The average score is 15 of 20
Answer Stats
% Continent Country % Correct
78.4 Europe United Kingdom
98%
81.5 Europe Norway
93%
78.2 Europe Sweden
93%
79.6 Europe Finland
91%
80.1 Europe Ireland
89%
71.5 Europe Germany
88%
84.4 Europe Iceland
88%
72.2 Europe Denmark
87%
74.4 Europe Netherlands
83%
71.1 Europe Poland
82%
72.6 Europe Belgium
81%
71.0 Europe Estonia
79%
72.0 Europe Luxembourg
70%
79.4 South America Ecuador
64%
70.5 Europe Czech Republic
60%
71.2 Oceania Nauru
51%
70.2 Oceania F. S. of Micronesia
47%
83.5 Africa São Tomé and Príncipe
37%
75.5 Africa Gabon
36%
75.2 Africa Equatorial Guinea
35%
No matching quizzes found
Score Distribution
Percent of People with Each Score
Percentile by Number Answered
Your Score History
You have not taken this quiz